Propiedades de polímeros de uretano basados en TDI /

Guardado en:
Otros Autores: Nicolini, José Luis. (Disertante)
Formato: Manuscrito
Idioma:Spanish
Publicado: 1992.
Materias:
Etiquetas: Agregar Etiqueta
Sin Etiquetas, Sea el primero en etiquetar este registro!
LEADER 00936ntm a22002295a 4500
001 EIQ.libpla003658
008 080225s1992####ag#a#####bm###000#0#spa#d
005 20080225175844.0
245 1 0 |a Propiedades de polímeros de uretano basados en TDI /  |c por José Luis Nicolini. 
260 |c 1992. 
300 |a xi, 105 p. :  |b il., tablas, figuras ;  |c 21 cm. 
502 |a Tesis (M.A.)--Universidad Nacional del Sur. Departamento de Quimica e Ingeniería Química, 1992. 
500 |a Director de tesis: Dr. Enrique Marcelo Vallés. 
504 |a Incluye referencias bibliográficas. 
100 1 |a Nicolini, José Luis.  |4 dis 
710 2 |a Universidad Nacional del Sur (UNS).  |b Dto. de Química e Ingeniería Química  |4 dgg. 
650 4 |a Polímeros  |x Tesis. 
650 4 |a Polimeros  |x Uretanos. 
650 4 |a Polymers  |x Thesis. 
650 4 |a Polymers  |x Urethanes. 
040 |a AR-BbSID  |b spa  |c AR-BbSID 
859 |a AR-BbSID  |b BIB. PLAPIQUI  |h 668.422 3  |i N 545  |p 3934